书目信息 |
| 题名: |
家常点心
|
|
| 作者: | 凌柏元 编著 | |
| 分册: | ||
| 出版信息: | 上海 上海文化出版社 2001 |
|
| 页数: | 114页 | |
| 开本: | 20cm | |
| 丛书名: | ||
| 单 册: | ||
| 中图分类: | TS972.134 | |
| 科图分类: | ||
| 主题词: | 饮食业--供应技术--面食--大米--食谱 | |
| 电子资源: | ||
| ISBN: | 7-80646-210-4 | |
| 000 | 00753nam0 2200229 45 | |
| 001 | 0501061051 | |
| 005 | 20091019085651.38 | |
| 010 | @a7-80646-210-4@dCNY10.00 | |
| 100 | @a20050106d2001 km y0chiy0120 ea | |
| 101 | 0 | @achi |
| 102 | @aCN@b310000 | |
| 200 | 1 | @a家常点心@AJia Chang Dian Xin@f凌柏元编著 |
| 210 | @a上海@c上海文化出版社@d2001 | |
| 215 | @a114页@c图@d20cm | |
| 300 | @a365天新家常菜 | |
| 330 | @a本书分为:水调面团制品、膨松面团制品、米制面团制品、杂色面团制品四部分,介绍了“虾肉煎饼”、“黄油糕”、“油条”等110余款家常点心。 | |
| 606 | 0 | @a饮食业@x供应技术@x面食@x大米@x食谱 |
| 690 | @aTS972.134@v4 | |
| 701 | 0 | @a凌柏元@ALing Bai Yuan@4编著 |
| 801 | @aCN@bAHTY@c20091019 | |
| 905 | @aBZT@dTS972.134@e1 | |
| 906 | @dCNY10.00@n0@r1 | |
| 家常点心/凌柏元编著.-上海:上海文化出版社,2001 |
| 114页:图;20cm |
| 365天新家常菜 |
| ISBN 7-80646-210-4:CNY10.00 |
| 本书分为:水调面团制品、膨松面团制品、米制面团制品、杂色面团制品四部分,介绍了“虾肉煎饼”、“黄油糕”、“油条”等110余款家常点心。 |
| ● |
| 相关链接 |
|
|
|
正题名:家常点心
索取号:TS972.134/1
 
预约/预借
| 序号 | 登录号 | 条形码 | 馆藏地/架位号 | 状态 | 备注 |
| 1 | 388190 | 210188624 | 中心书库中库/ 中库024架A面4列6层56/ [索取号:TS972.134/1] | 在馆 | |
| 2 | 388191 | 210188599 | 中心书库中库/ 中库024架A面4列6层55/ [索取号:TS972.134/1] | 在馆 | |
| 3 | 388192 | 210188606 | 中心书库中库/ 中库024架A面4列6层52/ [索取号:TS972.134/1] | 在馆 | |
| 4 | 388193 | 210188571 | 中心书库中库/ 中库024架A面4列6层53/ [索取号:TS972.134/1] | 在馆 | |
| 5 | 388194 | 210188580 | 中心书库中库/ 中库024架A面4列6层8/ [索取号:TS972.134/1] | 在馆 | |
| 6 | 388195 | 210188553 | 中心书库中库/ 中库024架A面4列6层7/ [索取号:TS972.134/1] | 在馆 | |
| 7 | 388196 | 210188562 | 中心书库中库/ 中库024架A面4列6层6/ [索取号:TS972.134/1] | 在馆 | |
| 8 | 388198 | 210188544 | 中心书库中库/ 中库024架A面4列6层51/ [索取号:TS972.134/1] | 在馆 | |
| 9 | 388199 | 210188517 | 中心书库中库/ 中库024架A面4列6层54/ [索取号:TS972.134/1] | 在馆 |